[Event "XXVIII Torneo Magistral Internacional de Elgoibar"]
[Site "Elgoibar"]
[Date "2018.12.13"]
[Round "2.5"]
[White "Napoli, Nicolo"]
[Black "Suarez Garcia, Carlos"]
[Result "1-0"]
[WhiteTitle "FM"]
[BlackTitle "IM"]
[WhiteFideId "813702"]
[BlackFideId "22230858"]
[WhiteElo "2289"]
[BlackElo "2449"]

1. d4 {[%emt 00:11:57]} d5 {[%emt 00:00:28]} 2. c4 {[%emt 00:00:05]} e6 {[%emt
00:00:05]} 3. Nc3 {[%emt 00:00:10]} c6 {[%emt 00:00:08]} 4. e3 {[%emt
00:00:41]} Nd7 {[%emt 00:00:24]} 5. Qc2 {[%emt 00:00:57]} Bd6 {[%emt 00:06:27]}
6. e4 {[%emt 00:03:43]} dxc4 {[%emt 00:01:21]} 7. Bxc4 {[%emt 00:01:13]} e5
{[%emt 00:03:06]} 8. Nf3 {[%emt 00:09:34]} Ngf6 {[%emt 00:02:50]} 9. Bg5 {[%emt
00:05:15]} h6 {[%emt 00:15:47]} 10. O-O-O {[%emt 00:08:12]} exd4 {[%emt
00:08:31]} 11. Rxd4 {[%emt 00:01:42]} Bc5 {[%emt 00:01:52]} 12. Bxf6 {[%emt
00:01:11]} Qxf6 {[%emt 00:00:34]} 13. e5 {[%emt 00:01:55]} Qg6 {[%emt
00:04:45]} 14. Bxf7+ {[%emt 00:05:19]} Kxf7 {[%emt 00:01:26]} 15. Rf4+ {[%emt
00:01:12]} Nf6 {[%emt 00:00:07]} 16. e6+ {[%emt 00:00:13]} 1-0

[Event "XXVIII Torneo Magistral Internacional de Elgoibar"]
[Site "Elgoibar"]
[Date "2018.12.13"]
[Round "3.1"]
[White "Suarez Garcia, Carlos"]
[Black "Huerga Leache, Mikel"]
[Result "1/2-1/2"]
[WhiteTitle "IM"]
[BlackTitle "IM"]
[WhiteFideId "22230858"]
[BlackFideId "2268795"]
[WhiteElo "2449"]
[BlackElo "2448"]

1. d4 {[%emt 02:39:55]} Nf6 {[%emt 00:02:23]} 2. Bf4 {[%emt 00:00:07]} c5
{[%emt 00:01:20]} 3. e3 {[%emt 00:00:16]} Nd5 {[%emt 00:03:25]} 4. Bg3 {[%emt
00:08:51]} Qb6 {[%emt 00:00:09]} 5. Nc3 {[%emt 00:04:25]} Nxc3 {[%emt
00:08:51]} 6. bxc3 {[%emt 00:00:10]} d6 {[%emt 00:06:58]} 7. Bd3 {[%emt
00:04:20]} Qa5 {[%emt 00:02:55]} 8. Qd2 {[%emt 00:02:06]} g6 {[%emt 00:00:23]}
9. Ne2 {[%emt 00:03:16]} Bg7 {[%emt 00:00:10]} 10. O-O {[%emt 00:00:25]} O-O
{[%emt 00:02:38]} 11. Rfb1 {[%emt 00:02:45]} e5 {[%emt 00:06:44]} 12. Rb5
{[%emt 00:10:13]} Qc7 {[%emt 00:00:06]} 13. Rd1 {[%emt 00:12:10]} Qc6 {[%emt
00:08:11]} 14. d5 {[%emt 00:12:11]} Qc7 {[%emt 00:09:26]} 15. c4 {[%emt
00:00:21]} f5 {[%emt 00:00:13]} 16. f3 {[%emt 00:02:20]} Bh6 {[%emt 00:00:46]}
17. Nc3 {[%emt 00:01:24]} Nd7 18. Qe1 {[%emt 00:04:05]} Nf6 {[%emt 00:00:59]}
19. Rdb1 {[%emt 00:02:38]} Qe7 {[%emt 00:01:07]} 20. e4 {[%emt 00:01:11]} Nh5
{[%emt 00:01:41]} 21. Bh4 {[%emt 00:01:58]} Bg5 {[%emt 00:03:32]} 22. Bf2
{[%emt 00:00:01]} Bh6 {[%emt 00:05:13]} 23. Bh4 {[%emt 00:00:41]} Qg7 {[%emt
00:00:25]} 24. Bf2 {[%emt 00:02:25]} Bg5 {[%emt 00:03:23]} 25. R5b3 {[%emt
00:00:22]} Rf6 {[%emt 00:01:42]} 26. Bf1 {[%emt 00:03:17]} Qh6 {[%emt
00:01:08]} 27. Rd1 {[%emt 00:01:11]} Qf8 {[%emt 00:02:19]} 28. Bd3 {[%emt
00:01:25]} Rf7 {[%emt 00:00:39]} 29. Rdb1 {[%emt 00:02:19]} Bd8 {[%emt
00:00:47]} 30. Ne2 {[%emt 00:02:25]} Kh8 {[%emt 00:00:28]} 31. Qc3 {[%emt
00:00:47]} Nf6 {[%emt 00:03:09]} 32. exf5 {[%emt 00:01:48]} gxf5 {[%emt
00:00:12]} 33. Ng3 {[%emt 00:00:03]} f4 {[%emt 00:01:28]} 34. Ne4 {[%emt
00:00:11]} Rg7 {[%emt 00:00:58]} 35. Kh1 {[%emt 00:01:38]} Nxe4 {[%emt
00:01:03]} 36. Bxe4 {[%emt 00:00:37]} b6 {[%emt 00:00:56]} 37. Rg1 {[%emt
00:00:25]} Qf7 {[%emt 00:01:32]} 38. g3 {[%emt 00:02:08]} fxg3 {[%emt
00:00:36]} 39. Rxg3 {[%emt 00:01:09]} Bg5 {[%emt 00:02:56]} 40. Rb1 {[%emt
00:02:36]} Bd7 {[%emt 00:03:55]} 41. Rbg1 {[%emt 00:01:01]} Rag8 {[%emt
00:00:02]} 42. Be3 {[%emt 00:00:48]} Bxe3 {[%emt 00:03:12]} 43. Qxe3 {[%emt
00:00:20]} Rxg3 {[%emt 00:01:10]} 44. Rxg3 {[%emt 00:00:08]} Qf4 {[%emt
00:01:29]} 45. Rxg8+ {[%emt 00:03:17]} Kxg8 46. Qg1+ {[%emt 00:02:38]} Kh8 47.
Qg3 Bc8 {[%emt 00:01:27]} 48. Bd3 {[%emt 00:00:48]} h6 {[%emt 00:02:20]} 49.
Be4 {[%emt 00:00:17]} Qxg3 {[%emt 00:01:48]} 50. hxg3 Kg7 {[%emt 00:00:06]} 51.
Kg2 {[%emt 00:02:23]} Kf6 {[%emt 00:00:05]} 52. Kf2 {[%emt 00:00:03]} Bd7
{[%emt 00:00:39]} 53. Ke3 {[%emt 00:00:37]} Kg5 {[%emt 00:00:11]} 54. Bd3
{[%emt 00:00:11]} Ba4 {[%emt 00:00:59]} 55. a3 {[%emt 00:01:12]} Bd7 {[%emt
00:00:32]} 56. Be4 {[%emt 00:00:13]} h5 {[%emt 00:01:53]} 57. Bd3 {[%emt
00:00:09]} Bh3 {[%emt 00:00:10]} 58. c3 {[%emt 00:02:50]} Bd7 {[%emt 00:00:43]}
59. Bc2 {[%emt 00:00:06]} Be8 {[%emt 00:00:11]} 60. Bd1 {[%emt 00:01:07]} Bg6
{[%emt 00:00:45]} 61. Ba4 Bb1 {[%emt 00:00:25]} 62. Bb5 {[%emt 00:00:13]} Ba2
{[%emt 00:00:39]} 63. Ba6 {[%emt 00:00:04]} Bb3 {[%emt 00:00:27]} 64. Bb5
{[%emt 00:00:05]} Bd1 {[%emt 00:00:30]} 65. Ba6 {[%emt 00:00:16]} Ba4 {[%emt
00:00:13]} 66. Bb5 {[%emt 00:00:26]} Bc2 {[%emt 00:00:53]} 67. Ba6 {[%emt
00:00:04]} Bf5 {[%emt 00:00:19]} 68. Bb5 {[%emt 00:00:33]} Bc8 {[%emt
00:01:01]} 69. Be8 {[%emt 00:00:02]} Bf5 {[%emt 00:01:43]} 70. Bb5 {[%emt
00:00:07]} Bc2 {[%emt 00:00:14]} 71. Ba6 {[%emt 00:00:25]} Bb3 {[%emt
00:02:02]} 72. Bb5 {[%emt 00:00:01]} Kf6 {[%emt 00:00:49]} 73. Ba6 {[%emt
00:01:16]} Ke7 {[%emt 00:00:42]} 74. Bb5 {[%emt 00:00:02]} Bc2 {[%emt
00:00:23]} 75. Ba6 {[%emt 00:00:25]} Bf5 {[%emt 00:00:13]} 76. Bb7 {[%emt
00:00:49]} Bd7 {[%emt 00:00:29]} 77. Ba6 {[%emt 00:00:22]} Kf6 {[%emt
00:00:34]} 78. Bb5 {[%emt 00:00:18]} Bc8 {[%emt 00:00:21]} 79. Be8 {[%emt
00:00:09]} Kg5 {[%emt 00:00:02]} 80. Bb5 {[%emt 00:00:20]} a5 {[%emt 00:01:15]}
81. Be8 {[%emt 00:00:57]} Ba6 {[%emt 00:00:19]} 82. Bb5 {[%emt 00:00:05]} Bc8
{[%emt 00:02:57]} 83. Be8 {[%emt 00:00:08]} Ba6 {[%emt 00:00:03]} 84. Bb5
{[%emt 00:01:37]} 1/2-1/2

[Event "XXVIII Torneo Magistral Internacional de Elgoibar"]
[Site "Elgoibar"]
[Date "2018.12.13"]
[Round "3.2"]
[White "Starostits, Ilmars"]
[Black "Napoli, Nicolo"]
[Result "0-1"]
[WhiteTitle "GM"]
[BlackTitle "FM"]
[WhiteFideId "11600748"]
[BlackFideId "813702"]
[WhiteElo "2458"]
[BlackElo "2289"]

1. d4 {[%emt 03:06:29]} Nf6 {[%emt 00:00:07]} 2. Nf3 {[%emt 00:00:05]} e6
{[%emt 00:00:09]} 3. e3 {[%emt 00:00:30]} d5 {[%emt 00:01:29]} 4. Bd3 {[%emt
00:00:05]} Nbd7 {[%emt 00:00:49]} 5. b3 {[%emt 00:00:47]} Bb4+ {[%emt
00:02:38]} 6. Bd2 {[%emt 00:08:31]} Bd6 {[%emt 00:02:56]} 7. Bc3 {[%emt
00:00:05]} Ne4 {[%emt 00:04:29]} 8. Bb2 {[%emt 00:00:11]} O-O {[%emt 00:01:21]}
9. O-O {[%emt 00:00:46]} f5 {[%emt 00:02:05]} 10. c4 {[%emt 00:00:57]} c6
{[%emt 00:00:21]} 11. Ne5 {[%emt 00:03:15]} Rf6 {[%emt 00:14:40]} 12. f3 {[%emt
00:01:53]} Ng5 {[%emt 00:01:38]} 13. Nd2 {[%emt 00:05:36]} Rh6 {[%emt
00:13:31]} 14. Qe2 {[%emt 00:02:10]} Qf8 {[%emt 00:03:19]} 15. f4 {[%emt
00:12:37]} Ne4 {[%emt 00:00:23]} 16. Ndf3 {[%emt 00:00:52]} Ndf6 {[%emt
00:01:35]} 17. c5 {[%emt 00:01:34]} Bc7 {[%emt 00:01:20]} 18. b4 {[%emt
00:00:05]} Qe8 {[%emt 00:05:25]} 19. Ng5 {[%emt 00:03:59]} Bxe5 {[%emt
00:11:23]} 20. dxe5 {[%emt 00:00:34]} Nd7 {[%emt 00:01:06]} 21. Bxe4 {[%emt
00:04:44]} fxe4 {[%emt 00:00:42]} 22. Bd4 {[%emt 00:02:25]} Nf8 {[%emt
00:00:28]} 23. a4 {[%emt 00:01:19]} Bd7 {[%emt 00:00:09]} 24. g4 {[%emt
00:08:40]} Rh4 {[%emt 00:02:37]} 25. Qg2 {[%emt 00:11:09]} h6 {[%emt 00:05:18]}
26. Nh3 {[%emt 00:00:04]} h5 {[%emt 00:00:04]} 27. Nf2 {[%emt 00:00:13]} hxg4
{[%emt 00:00:28]} 28. Nxg4 {[%emt 00:00:09]} Kh8 {[%emt 00:01:49]} 29. Kh1
{[%emt 00:03:09]} Qf7 {[%emt 00:04:04]} 30. Rg1 {[%emt 00:02:10]} Rh7 {[%emt
00:01:15]} 31. Qg3 {[%emt 00:04:37]} Be8 {[%emt 00:02:33]} 32. Ra2 {[%emt
00:04:28]} Ng6 {[%emt 00:00:38]} 33. Nf6 {[%emt 00:07:31]} gxf6 {[%emt
00:01:02]} 34. exf6 {[%emt 00:00:09]} e5 {[%emt 00:05:25]} 35. fxe5 {[%emt
00:01:24]} Qe6 {[%emt 00:02:30]} 36. Qg4 {[%emt 00:00:04]} Nf8 {[%emt
00:00:51]} 37. Qf4 {[%emt 00:01:59]} Bh5 {[%emt 00:01:05]} 38. Rg3 {[%emt
00:01:27]} Qf7 {[%emt 00:01:28]} 39. Kg1 {[%emt 00:01:44]} Ne6 {[%emt
00:00:12]} 40. Qf5 {[%emt 00:00:14]} Bf3 {[%emt 00:00:22]} 41. b5 {[%emt
00:00:26]} Rh5 {[%emt 00:00:54]} 42. Rh3 {[%emt 00:02:12]} Rg8+ 43. Kf1 Rgg5
{[%emt 00:00:26]} 44. Qxg5 {[%emt 00:01:52]} Nxg5 {[%emt 00:00:05]} 45. Rxh5+
{[%emt 00:00:09]} Bxh5 {[%emt 00:00:34]} 46. bxc6 {[%emt 00:00:05]} bxc6 {[%emt
00:00:06]} 47. Rb2 {[%emt 00:00:12]} Ne6 {[%emt 00:00:17]} 0-1

[Event "XXVIII Torneo Magistral Internacional de Elgoibar"]
[Site "Elgoibar"]
[Date "2018.12.13"]
[Round "3.3"]
[White "Strikovic, Aleksa"]
[Black "Martinez Fernandez, Adrian"]
[Result "1-0"]
[WhiteTitle "GM"]
[BlackTitle "FM"]
[WhiteFideId "900150"]
[BlackFideId "32049048"]
[WhiteElo "2488"]
[BlackElo "2212"]

1. c4 {[%emt 02:40:50]} e6 {[%emt 00:00:55]} 2. Nf3 {[%emt 00:00:06]} Nf6
{[%emt 00:00:42]} 3. g3 {[%emt 00:00:07]} d5 {[%emt 00:00:43]} 4. b3 {[%emt
00:00:09]} Be7 {[%emt 00:04:12]} 5. Bg2 {[%emt 00:00:05]} O-O {[%emt 00:00:07]}
6. O-O {[%emt 00:00:04]} c5 {[%emt 00:00:28]} 7. cxd5 {[%emt 00:00:25]} Nxd5
{[%emt 00:00:17]} 8. Bb2 {[%emt 00:00:33]} Nc6 {[%emt 00:05:43]} 9. Nc3 {[%emt
00:06:22]} Bf6 {[%emt 00:07:13]} 10. Qc1 {[%emt 00:05:08]} Nxc3 {[%emt
00:06:31]} 11. Bxc3 {[%emt 00:02:13]} e5 {[%emt 00:01:41]} 12. d3 {[%emt
00:09:32]} Qe7 {[%emt 00:01:31]} 13. Nd2 {[%emt 00:12:28]} Nd4 {[%emt
00:05:30]} 14. Re1 {[%emt 00:02:03]} Bg4 {[%emt 00:02:42]} 15. f3 {[%emt
00:03:07]} Be6 {[%emt 00:03:54]} 16. Ne4 {[%emt 00:00:19]} Bd5 {[%emt
00:02:48]} 17. e3 {[%emt 00:02:02]} Nc6 {[%emt 00:02:47]} 18. Qb2 {[%emt
00:05:00]} Rad8 {[%emt 00:10:12]} 19. a3 Rfe8 {[%emt 00:03:44]} 20. b4 {[%emt
00:05:18]} cxb4 {[%emt 00:03:39]} 21. axb4 {[%emt 00:00:07]} a6 {[%emt
00:00:30]} 22. b5 {[%emt 00:02:01]} axb5 {[%emt 00:01:14]} 23. Qxb5 {[%emt
00:00:18]} Bxe4 {[%emt 00:07:40]} 24. dxe4 {[%emt 00:00:19]} Rc8 {[%emt
00:02:11]} 25. Bh3 {[%emt 00:05:57]} Rc7 {[%emt 00:01:12]} 26. Rad1 {[%emt
00:01:04]} Rd8 {[%emt 00:03:15]} 27. Rxd8+ {[%emt 00:19:39]} Qxd8 {[%emt
00:00:08]} 28. Qb2 {[%emt 00:07:42]} h6 {[%emt 00:02:56]} 29. Bf1 {[%emt
00:00:51]} Qd6 {[%emt 00:06:55]} 30. Kf2 {[%emt 00:01:39]} Rd7 {[%emt
00:03:19]} 31. Be2 {[%emt 00:00:26]} Qc5 {[%emt 00:01:05]} 32. Rc1 {[%emt
00:00:28]} Qa7 {[%emt 00:01:25]} 33. Bc4 {[%emt 00:00:53]} Bg5 {[%emt
00:01:32]} 34. Re1 {[%emt 00:00:15]} Qc5 {[%emt 00:03:51]} 35. Bb5 {[%emt
00:00:39]} Bf6 {[%emt 00:01:06]} 36. Rc1 {[%emt 00:02:13]} Qb6 {[%emt
00:00:39]} 37. h4 {[%emt 00:00:58]} Rd6 {[%emt 00:01:32]} 38. Rc2 {[%emt
00:00:32]} Qd8 {[%emt 00:00:15]} 39. h5 {[%emt 00:02:22]} Qb6 {[%emt 00:00:37]}
40. Bc4 {[%emt 00:00:20]} Qd8 {[%emt 00:04:48]} 41. Qxb7 {[%emt 00:00:29]} Ne7
{[%emt 00:00:45]} 42. Ra2 {[%emt 00:00:56]} Kh7 {[%emt 00:00:32]} 43. Ba5
{[%emt 00:01:38]} Qe8 {[%emt 00:00:28]} 44. Bb5 {[%emt 00:00:41]} Qh8 {[%emt
00:00:33]} 45. Bb4 {[%emt 00:00:16]} Re6 {[%emt 00:00:27]} 46. Ra8 {[%emt
00:00:23]} 1-0

[Event "XXVIII Torneo Magistral Internacional de Elgoibar"]
[Site "Elgoibar"]
[Date "2018.12.13"]
[Round "3.4"]
[White "Oratovsky, Michael"]
[Black "Velten, Paul"]
[Result "1/2-1/2"]
[WhiteTitle "GM"]
[BlackTitle "GM"]
[WhiteFideId "2802090"]
[BlackFideId "681091"]
[WhiteElo "2464"]
[BlackElo "2485"]

1. e4 {[%emt 03:14:38]} e5 {[%emt 00:00:15]} 2. Bc4 {[%emt 00:00:56]} Nf6
{[%emt 00:00:46]} 3. d3 {[%emt 00:00:05]} c6 {[%emt 00:00:33]} 4. Nf3 {[%emt
00:00:43]} d5 {[%emt 00:00:55]} 5. Bb3 {[%emt 00:00:14]} Bb4+ {[%emt 00:00:37]}
6. Bd2 {[%emt 00:01:14]} Bxd2+ {[%emt 00:00:44]} 7. Nbxd2 {[%emt 00:00:34]} Bg4
{[%emt 00:01:35]} 8. h3 {[%emt 00:21:48]} Bxf3 {[%emt 00:05:13]} 9. Qxf3 {[%emt
00:03:33]} O-O {[%emt 00:11:32]} 10. O-O {[%emt 00:00:39]} Qd6 {[%emt
00:03:27]} 11. c3 {[%emt 00:17:12]} Nbd7 {[%emt 00:00:24]} 12. exd5 {[%emt
00:02:46]} cxd5 {[%emt 00:03:15]} 13. d4 {[%emt 00:00:19]} 1/2-1/2

[Event "XXVIII Torneo Magistral Internacional de Elgoibar"]
[Site "Elgoibar"]
[Date "2018.12.13"]
[Round "3.5"]
[White "Ambartsumova, Karina"]
[Black "Moreno Ruiz, Javier"]
[Result "1/2-1/2"]
[WhiteTitle "WGM"]
[BlackTitle "IM"]
[WhiteFideId "4166299"]
[BlackFideId "2203146"]
[WhiteElo "2383"]
[BlackElo "2450"]

1. Nf3 {[%emt 00:13:01]} Nf6 {[%emt 00:09:36]} 2. c4 {[%emt 00:00:30]} g6
{[%emt 00:00:05]} 3. g3 {[%emt 00:00:58]} Bg7 {[%emt 00:00:06]} 4. Bg2 {[%emt
00:00:22]} O-O {[%emt 00:00:12]} 5. d4 {[%emt 00:02:55]} d6 {[%emt 00:00:52]} 6.
Nc3 {[%emt 00:00:31]} Nc6 {[%emt 00:00:52]} 7. O-O {[%emt 00:01:33]} e5 {[%emt
00:00:33]} 8. dxe5 {[%emt 00:09:43]} dxe5 {[%emt 00:00:46]} 9. Bg5 {[%emt
00:00:27]} Be6 {[%emt 00:00:19]} 10. Qa4 {[%emt 00:01:22]} Qc8 {[%emt
00:00:36]} 11. Rfd1 {[%emt 00:03:55]} Nd7 {[%emt 00:01:11]} 12. Nd5 {[%emt
00:07:28]} Re8 {[%emt 00:02:00]} 13. Be3 {[%emt 00:08:33]} Nb6 {[%emt
00:04:50]} 14. Qc2 {[%emt 00:02:37]} Bf5 {[%emt 00:06:18]} 15. Qc1 {[%emt
00:01:02]} Be4 {[%emt 00:11:05]} 16. Bg5 {[%emt 00:10:49]} Nxd5 {[%emt
00:02:20]} 17. cxd5 {[%emt 00:02:25]} Nd4 {[%emt 00:01:26]} 18. Nxd4 {[%emt
00:10:51]} exd4 {[%emt 00:00:39]} 19. f3 {[%emt 00:05:49]} Bxd5 {[%emt
00:01:40]} 20. e4 {[%emt 00:03:05]} Be6 {[%emt 00:02:01]} 21. Qf4 {[%emt
00:00:24]} c5 {[%emt 00:02:41]} 22. b3 {[%emt 00:01:18]} Qc6 {[%emt 00:03:21]}
23. Rac1 {[%emt 00:01:15]} Rac8 {[%emt 00:03:17]} 24. Qh4 {[%emt 00:01:58]} Qb6
{[%emt 00:14:48]} 25. Bf1 {[%emt 00:00:20]} Qa5 {[%emt 00:05:24]} 26. Rc2
{[%emt 00:00:07]} b5 {[%emt 00:00:39]} 27. Bf6 {[%emt 00:02:35]} Qb6 {[%emt
00:00:09]} 28. Bxg7 {[%emt 00:00:50]} Kxg7 {[%emt 00:00:05]} 29. Qf4 {[%emt
00:00:17]} d3 {[%emt 00:05:35]} 30. Rxd3 {[%emt 00:00:34]} c4+ {[%emt
00:00:11]} 31. Re3 {[%emt 00:00:03]} cxb3 {[%emt 00:01:29]} 32. Rxc8 {[%emt
00:00:06]} Rxc8 {[%emt 00:00:21]} 33. axb3 {[%emt 00:00:09]} Bxb3 {[%emt
00:04:31]} 34. h4 {[%emt 00:04:33]} h6 {[%emt 00:01:03]} 35. e5 {[%emt
00:05:10]} Be6 {[%emt 00:01:10]} 36. Bd3 {[%emt 00:00:34]} b4 {[%emt 00:09:00]}
37. Kg2 {[%emt 00:02:46]} Rc3 {[%emt 00:03:38]} 38. h5 {[%emt 00:00:54]} Qd8
{[%emt 00:03:04]} 39. hxg6 {[%emt 00:04:17]} fxg6 {[%emt 00:00:31]} 40. Qe4
{[%emt 00:02:38]} Bf5 {[%emt 00:00:08]} 41. Qb7+ {[%emt 00:01:48]} Rc7 {[%emt
00:00:24]} 42. Qa6 {[%emt 00:00:34]} Qe7 {[%emt 00:01:29]} 43. Bxf5 {[%emt
00:03:13]} gxf5 {[%emt 00:00:01]} 44. e6 {[%emt 00:00:43]} Rc2+ {[%emt
00:00:33]} 45. Kh3 {[%emt 00:00:25]} Rc3 {[%emt 00:00:09]} 46. Qa1 {[%emt
00:00:40]} Kg6 {[%emt 00:00:28]} 47. Rxc3 {[%emt 00:00:30]} bxc3 {[%emt
00:00:04]} 48. Qxc3 {[%emt 00:00:15]} Qxe6 {[%emt 00:00:05]} 49. Qc5 {[%emt
00:00:43]} a6 {[%emt 00:00:09]} 50. Qa5 {[%emt 00:00:38]} Qc6 {[%emt 00:01:06]}
51. Kg2 {[%emt 00:00:11]} Qb5 {[%emt 00:01:03]} 52. Qd2 {[%emt 00:00:15]} Qe5
{[%emt 00:00:54]} 53. g4 {[%emt 00:00:52]} fxg4 {[%emt 00:00:40]} 54. fxg4
{[%emt 00:00:16]} a5 {[%emt 00:00:21]} 55. Kf3 {[%emt 00:00:53]} Qf6+ {[%emt
00:00:28]} 56. Kg3 {[%emt 00:00:05]} Qe5+ {[%emt 00:00:14]} 57. Kf3 {[%emt
00:00:08]} Qc5 {[%emt 00:00:24]} 58. Qd3+ {[%emt 00:00:25]} Kf6 {[%emt
00:00:11]} 59. Qd8+ {[%emt 00:01:22]} Kf7 {[%emt 00:01:25]} 60. Qd7+ {[%emt
00:00:08]} Kf6 {[%emt 00:00:31]} 61. Qd8+ {[%emt 00:00:05]} Kg7 {[%emt
00:00:42]} 62. Qd7+ {[%emt 00:00:29]} Kf6 {[%emt 00:00:36]} 63. Qd8+ {[%emt
00:00:07]} Ke6 {[%emt 00:00:29]} 64. Qg8+ {[%emt 00:00:39]} Kf6 {[%emt
00:00:31]} 65. Qd8+ {[%emt 00:00:15]} Kg7 {[%emt 00:00:48]} 1/2-1/2

[Event "XXVIII Torneo Magistral Internacional de Elgoibar"]
[Site "Elgoibar"]
[Date "2018.12.14"]
[Round "4.1"]
[White "Huerga Leache, Mikel"]
[Black "Moreno Ruiz, Javier"]
[Result "1/2-1/2"]
[WhiteTitle "IM"]
[BlackTitle "IM"]
[WhiteFideId "2268795"]
[BlackFideId "2203146"]
[WhiteElo "2448"]
[BlackElo "2450"]

1. e4 {[%emt 00:27:53]} c5 {[%emt 00:01:17]} 2. c3 {[%emt 00:00:13]} d5 {[%emt
00:04:27]} 3. exd5 {[%emt 00:00:13]} Qxd5 {[%emt 00:00:08]} 4. d4 {[%emt
00:00:09]} Nf6 {[%emt 00:00:56]} 5. Nf3 {[%emt 00:00:10]} e6 {[%emt 00:00:51]}
6. Be3 {[%emt 00:00:15]} cxd4 {[%emt 00:02:20]} 7. cxd4 {[%emt 00:00:15]} Bb4+
{[%emt 00:00:40]} 8. Nc3 {[%emt 00:00:21]} Bd7 {[%emt 00:01:05]} 9. Bd3 {[%emt
00:00:38]} O-O {[%emt 00:02:31]} 10. O-O {[%emt 00:00:21]} Bxc3 {[%emt
00:00:06]} 11. bxc3 {[%emt 00:00:05]} Bb5 {[%emt 00:00:43]} 12. Bxb5 {[%emt
00:02:32]} Qxb5 {[%emt 00:01:11]} 13. Rb1 {[%emt 00:00:18]} Qd5 {[%emt
00:02:29]} 14. Qb3 {[%emt 00:05:59]} b6 {[%emt 00:05:01]} 15. c4 Qb7 {[%emt
00:01:46]} 16. a4 {[%emt 00:02:03]} Nbd7 {[%emt 00:02:42]} 17. a5 {[%emt
00:00:31]} Qc7 {[%emt 00:06:04]} 18. axb6 {[%emt 00:02:41]} axb6 {[%emt
00:00:05]} 19. Rfc1 {[%emt 00:00:15]} Rfc8 {[%emt 00:03:53]} 20. Bg5 {[%emt
00:02:46]} Rab8 {[%emt 00:01:41]} 21. Bxf6 {[%emt 00:01:15]} Nxf6 {[%emt
00:00:07]} 22. h3 {[%emt 00:00:29]} h6 {[%emt 00:00:54]} 23. Ra1 {[%emt
00:01:30]} Ra8 {[%emt 00:02:27]} 24. Qb2 {[%emt 00:00:35]} Nd7 {[%emt
00:07:40]} 25. Rxa8 {[%emt 00:02:04]} Rxa8 {[%emt 00:01:22]} 26. Qb4 {[%emt
00:00:47]} 1/2-1/2

[Event "XXVIII Torneo Magistral Internacional de Elgoibar"]
[Site "Elgoibar"]
[Date "2018.12.14"]
[Round "4.2"]
[White "Velten, Paul"]
[Black "Ambartsumova, Karina"]
[Result "1-0"]
[WhiteTitle "GM"]
[BlackTitle "WGM"]
[WhiteFideId "681091"]
[BlackFideId "4166299"]
[WhiteElo "2485"]
[BlackElo "2383"]

1. d4 {[%emt 00:21:45]} Nf6 {[%emt 00:00:23]} 2. c4 {[%emt 00:00:24]} g6 {[%emt
00:00:46]} 3. Nc3 {[%emt 00:00:25]} Bg7 {[%emt 00:00:20]} 4. e4 {[%emt
00:00:18]} d6 {[%emt 00:00:25]} 5. Be2 {[%emt 00:01:11]} O-O {[%emt 00:01:48]}
6. Be3 {[%emt 00:00:12]} e5 {[%emt 00:03:25]} 7. d5 {[%emt 00:01:05]} a5 {[%emt
00:03:43]} 8. g4 {[%emt 00:04:01]} Na6 {[%emt 00:03:01]} 9. h4 {[%emt
00:03:28]} Nc5 {[%emt 00:05:44]} 10. f3 {[%emt 00:01:31]} h5 {[%emt 00:16:13]}
11. g5 {[%emt 00:01:49]} Nfd7 {[%emt 00:01:17]} 12. Nh3 {[%emt 00:09:34]} Nb6
{[%emt 00:10:32]} 13. Qd2 {[%emt 00:05:00]} Bd7 {[%emt 00:04:22]} 14. Nf2
{[%emt 00:04:00]} Re8 {[%emt 00:04:34]} 15. b3 {[%emt 00:02:52]} Na6 {[%emt
00:08:24]} 16. Nd3 {[%emt 00:09:47]} Qe7 {[%emt 00:05:12]} 17. Rc1 {[%emt
00:04:26]} Nc5 {[%emt 00:04:03]} 18. Nb5 {[%emt 00:06:31]} Bxb5 {[%emt
00:04:42]} 19. cxb5 {[%emt 00:00:27]} Nbd7 {[%emt 00:00:02]} 20. Nf2 {[%emt
00:05:44]} f5 {[%emt 00:08:28]} 21. Qc2 {[%emt 00:05:12]} Rf8 {[%emt 00:00:06]}
22. O-O {[%emt 00:01:45]} Kh7 {[%emt 00:05:10]} 23. Nh3 {[%emt 00:00:18]} Rf7
{[%emt 00:00:47]} 24. Bd3 {[%emt 00:02:25]} Nxd3 {[%emt 00:00:49]} 25. Qxd3
{[%emt 00:00:09]} Nc5 {[%emt 00:00:32]} 26. Qc4 {[%emt 00:19:20]} b6 {[%emt
00:01:02]} 27. Bxc5 {[%emt 00:00:08]} bxc5 {[%emt 00:01:01]} 28. exf5 {[%emt
00:00:42]} Rxf5 {[%emt 00:00:20]} 29. Rce1 {[%emt 00:00:09]} Raf8 {[%emt
00:01:05]} 30. Kg2 {[%emt 00:00:34]} Qd7 {[%emt 00:00:35]} 31. Re4 {[%emt
00:00:30]} R8f7 {[%emt 00:03:47]} 32. Qd3 {[%emt 00:00:17]} Rf8 {[%emt
00:00:25]} 33. Ra4 {[%emt 00:00:36]} Qf7 {[%emt 00:03:04]} 34. Qe4 {[%emt
00:01:23]} Ra8 {[%emt 00:00:01]} 35. Rd1 {[%emt 00:00:07]} Qd7 {[%emt
00:00:10]} 36. Qe2 {[%emt 00:00:10]} Raf8 {[%emt 00:00:32]} 37. Rf1 {[%emt
00:00:24]} Qf7 {[%emt 00:00:32]} 38. Qe4 {[%emt 00:01:16]} Ra8 {[%emt
00:00:24]} 39. Re1 {[%emt 00:00:05]} Qd7 {[%emt 00:00:39]} 40. Qd3 {[%emt
00:00:13]} Raf8 {[%emt 00:01:10]} 41. Re3 {[%emt 00:01:10]} e4 {[%emt
00:00:49]} 42. Raxe4 {[%emt 00:00:16]} R8f7 {[%emt 00:00:10]} 43. Re6 {[%emt
00:00:50]} Bd4 {[%emt 00:00:51]} 44. Re2 {[%emt 00:00:09]} Rg7 {[%emt
00:00:34]} 45. a4 {[%emt 00:01:36]} Be5 {[%emt 00:00:15]} 46. Qe4 {[%emt
00:04:19]} Rgf7 {[%emt 00:00:12]} 47. Nf2 {[%emt 00:01:25]} Qd8 {[%emt
00:00:34]} 48. Nd3 {[%emt 00:00:28]} Bg7 {[%emt 00:01:02]} 49. Rxg6 {[%emt
00:01:28]} Kxg6 {[%emt 00:00:02]} 50. Nf4+ {[%emt 00:00:06]} Kh7 {[%emt
00:00:02]} 51. g6+ {[%emt 00:00:05]} Kh6 {[%emt 00:00:25]} 52. gxf7 {[%emt
00:00:05]} Qf6 {[%emt 00:00:06]} 53. Qe8 {[%emt 00:01:44]} Qxf7 {[%emt
00:01:23]} 54. Re6+ {[%emt 00:00:05]} Kh7 {[%emt 00:00:04]} 55. Qxf7 {[%emt
00:00:14]} Rxf7 56. Nxh5 {[%emt 00:00:36]} Be5 {[%emt 00:00:14]} 57. f4 {[%emt
00:00:19]} Bxf4 {[%emt 00:00:41]} 58. Rf6 {[%emt 00:00:13]} 1-0